000 00276nam a22001097a 4500
008 170120b xxu||||| |||| 00| 0 eng d
020 _a9780838514672
041 _aeng
080 _22ND
_a618.2
245 _aNURSING PROCESS IN COLLABORATIVE PRACTICE
_cALLE, C.V
942 _2udc
_cBK
999 _c3223
_d3223